000 00973nam a2200229Ia 4500
999 _c52915
_d52915
001 19945
003 GE_BSU
005 20200519191113.0
008 181216s1967||||ge |||||||||||||| ||geo||
040 _cGE_BSU
041 _ageo
080 _a81'374.822=353.1=161.1 დ-16
100 _aდათიკაშვილი, ქეთევან
_97970
245 _aქართულ-რუსული ლექსიკონი :
_b წ. 3 : პ - ჰ /
_cქეთევან დათიკაშვილი ; დათიკაშვილი, არჩილ.
264 _aთბილისი :
_bსაბჭ. საქართველო,
_c1967.
300 _a724 გვ. ;
_c23 სმ.
541 _h2ლ.58თ.
653 _aქართული ენა
653 _aქართულ-რუსული ლექსიკონი
700 _aარჩილ დათიკაშვილი
_eავტორი
_98095
942 _cBK
_2udc